000
00285nam a2200097Ia 4500
082
_a
338.04092 BRAN
245
0
_a
Se maai, laat waai : lewenslesse
100
_a
Branson, Richard Roggebaai [Suid-Afrika], 2009
_9
66963
942
_c
BK
008
210817s9999 xx 000 0 und d
999
_c
215288
_d
215287